000 00627nam a2200205Ia 4500
008 240729s9999 xx 000 0 und d
022 _a1179-1489
245 0 _aNutrition and Dietary Supplements
260 _aUnited Kingdom
260 _bDove Medical Press
650 _a Home economics
650 _a Internal medicine
650 _a Nutrition. Foods and food supply | Medicine
650 _a Nutritional diseases. Deficiency diseases
650 _a Specialties of internal medicine
650 _aTechnology
856 _uhttps://doaj.org/toc/2cf8f6e18c9a4338834d0050ba725b7a
942 _2ddc
942 _cDOAJEJ
999 _c73598
_d73598
945 _a1
_bMadushi Gamage
_c1
_dMadushi Gamage